| 000 | 00440cam a2200169ua 4500 | ||
|---|---|---|---|
| 020 | _c2.75 | ||
| 041 |
_amal _h |
||
| 082 |
_a894.812308 _bSAL/NI |
||
| 100 | _aSalam, Chirayinkil . | ||
| 245 |
_aNizhalukal samsarikkunnu / _cChirayinkil Salam. _hTextual Documents |
||
| 260 |
_aThuravoor : _bSree Narasimha Vilasam Book Depot , _c1961. |
||
| 300 | _a259 ; . | ||
| 365 | _a2.75 | ||
| 504 | _a | ||
| 942 | _cBK | ||
| 999 |
_c6089 _d6089 |
||